000 00216 a2200097 4500
020 _a9781410840066
041 _aspa
100 _aPugliano-Martin, Carol
245 _aComo ser un explorador de animalitos
942 _cBK
999 _c30134
_d30132